000 00929nam a2200241 a 4500
001 21633
003 CO-ViMGA
008 141112s2004 ck r 000 u spa d
020 _a8495348047
040 _aCO-ViMGA
_bspa
_cCO-ViMGA
082 0 4 _a519.5 M667e
100 1 _aMoore, David S.
_930893
245 1 0 _aEstadística aplicada básica
250 _a2
260 _aBarcelona :
_bAntoni Bosh,
_c1998
300 _a694
505 _aGráficos de distribuciones 6 - - Descripción de las distribucionescon números 33 - - Diagramas de dispersión 101 - - Diseño de muestras 209 - - Introducción a la inferencia estadística 394
590 _aForma de adquisición : Donación fact. 8853 - - Precio : 163000 - - Proveedor : Fundación exito - - Fecha de adquisición : Junio 2007
650 1 4 _aESTADISTICA MATEMATICA
650 1 4 _aMUESTREO (ESTADISITICA)
_930894
650 1 4 _aPROBABILIDADES
_99855
942 _2ddc
_cBK
999 _c30203
_d30203